[Event "Mar del Plata op"]
[Site "Mar del Plata"]
[Date "1997.??.??"]
[Round "2"]
[White "Fiorito, Fabian"]
[Black "Gamboa, Juan Pablo"]
[Result "1-0"]
[WhiteElo "2470"]
[BlackElo "2175"]
[PlyCount "49"]
[EventDate "1997.03.??"]
[EventType "swiss"]
[EventRounds "9"]
[EventCountry "ARG"]
[SourceTitle "EXT 1998"]
[Source "ChessBase"]
[SourceDate "1997.11.17"]
[SourceVersion "1"]
[SourceVersionDate "1997.11.17"]
[SourceQuality "1"]

1. Nf3 d5 2. c4 e6 3. d4 c5 4. e3 Nf6 5. Nc3 Nc6 6. cxd5 exd5 7. Be2 Be7 8. 0-0 0-0 9. dxc5 Bxc5 10. Nb5 a6 11. Nbd4 Ne4 12. Nxc6 bxc6 13. Qc2 Qd6 14. Bd3 Re8 15. b3 Ba7 16. Rd1 Bb8 17. Bb2 h6 18. Bxe4 Rxe4 19. Rac1 Re6 20. g3 Bb7 21. Nd4 Rg6 22. e4 Ba7 23. Nf5 Qe6 24. exd5 cxd5 25. Re1 1-0

[Event "ARG-ch U26"]
[Site "Argentina"]
[Date "1997.??.??"]
[Round "?"]
[White "Gamboa, Juan Pablo"]
[Black "Dos Santos, Ramiro"]
[Result "1-0"]
[WhiteElo "2175"]
[BlackElo "2360"]
[PlyCount "109"]
[EventDate "1997.??.??"]
[EventType "swiss"]
[EventRounds "9"]
[EventCountry "ARG"]
[SourceTitle "EXT 2002"]
[Source "ChessBase"]
[SourceDate "2001.11.25"]
[SourceVersion "1"]
[SourceVersionDate "2001.11.25"]
[SourceQuality "1"]

1. c4 Nf6 2. Nc3 g6 3. g3 Bg7 4. Bg2 0-0 5. d3 e5 6. e4 d6 7. Nge2 a6 8. 0-0 Nc6 9. h3 Rb8 10. Be3 Nd7 11. f4 exf4 12. Nxf4 Nde5 13. Qd2 b5 14. b3 bxc4 15. dxc4 f5 16. exf5 Bxf5 17. Rac1 Kh8 18. g4 Bd7 19. Nfd5 Nf7 20. Ne4 Nce5 21. Ndf6 Bc6 22. g5 Qe7 23. Rce1 d5 24. Qa5 Nd3 25. Re2 Nb4 26. Bd2 Nc2 27. Qc3 Nb4 28. a3 a5 29. Ng3 Qc5+ 30. Be3 Qd6 31. Bf4 Qc5+ 32. Kh2 Na6 33. b4 Qb6 34. Be3 d4 35. Bxd4 Bxg2 36. Bxb6 Bxf1 37. Nxf1 cxb6 38. h4 Rbd8 39. Qe3 Rd6 40. Qe7 Nb8 41. bxa5 Rd4 42. Re4 Rd3 43. Ng3 Rd2+ 44. Kh3 Rd3 45. Re6 h6 46. Nfe4 hxg5 47. hxg5 Rd7 48. Qb4 Rd3 49. Rxg6 Re8 50. Nf6 Red8 51. Qe7 R3d7 52. Qe2 Nxg5+ 53. Rxg5 Bxf6 54. Rb5 Kg7 55. Qg4+ 1-0

[Event "ARG-ch U26 playoff"]
[Site "Argentina"]
[Date "1997.??.??"]
[Round "?"]
[White "Gamboa, Juan Pablo"]
[Black "Moreda, Lucas"]
[Result "0-1"]
[WhiteElo "2175"]
[BlackElo "2275"]
[PlyCount "40"]
[EventDate "1997.??.??"]
[EventType "match"]
[EventRounds "4"]
[EventCountry "ARG"]
[SourceTitle "EXT 2002"]
[Source "ChessBase"]
[SourceDate "2001.11.25"]
[SourceVersion "1"]
[SourceVersionDate "2001.11.25"]
[SourceQuality "1"]

1. c4 c6 2. Nf3 d5 3. b3 Nf6 4. Bb2 Bf5 5. e3 Nbd7 6. Be2 e6 7. 0-0 Bd6 8. d4 Ne4 9. Nbd2 Qf6 10. Qc1 Qh6 11. Re1 Ndf6 12. cxd5 exd5 13. Ne5 Bb4 14. Nxe4 Nxe4 15. Rf1 0-0 16. Nf3 Rfe8 17. a3 Bd6 18. g3 Bg4 19. Qd1 Bh3 20. Re1 Nxf2 0-1

[Event "ARG-ch U26"]
[Site "Argentina"]
[Date "1997.??.??"]
[Round "?"]
[White "Gamboa, Juan Pablo"]
[Black "Playa, Marcelo"]
[Result "0-1"]
[WhiteElo "2175"]
[BlackElo "2375"]
[PlyCount "82"]
[EventDate "1997.??.??"]
[EventType "swiss"]
[EventRounds "9"]
[EventCountry "ARG"]
[SourceTitle "EXT 2002"]
[Source "ChessBase"]
[SourceDate "2001.11.25"]
[SourceVersion "1"]
[SourceVersionDate "2001.11.25"]
[SourceQuality "1"]

1. c4 e6 2. Nf3 Nf6 3. b3 d5 4. Bb2 Be7 5. e3 0-0 6. Be2 c5 7. 0-0 Nc6 8. cxd5 Nxd5 9. a3 b6 10. Nc3 Bb7 11. Qc2 Nxc3 12. Bxc3 Bf6 13. Rfd1 Qe7 14. Qb2 e5 15. d3 Rfe8 16. h3 Nd4 17. Bxd4 exd4 18. e4 g6 19. Nh2 Bxe4 20. Bf3 Bxf3 21. Nxf3 Qd7 22. Re1 b5 23. Rac1 Qd5 24. Qc2 Rec8 25. a4 a6 26. Nd2 Rc6 27. axb5 axb5 28. Ra1 Rca6 29. Ne4 Be7 30. Rxa6 Rxa6 31. Rc1 Rc6 32. Qa2 Kg7 33. Qa7 Qe6 34. Nxc5 Qe2 35. b4 Bxc5 36. Rxc5 Rf6 37. Rxb5 Qxf2+ 38. Kh2 Qf4+ 39. Kg1 Re6 40. Qa1 Qg3 41. Qxd4+ Kh6 0-1

[Event "ARG-ch U26"]
[Site "Argentina"]
[Date "1997.??.??"]
[Round "?"]
[White "Moreda, Lucas"]
[Black "Gamboa, Juan Pablo"]
[Result "1/2-1/2"]
[WhiteElo "2275"]
[BlackElo "2175"]
[PlyCount "69"]
[EventDate "1997.??.??"]
[EventType "swiss"]
[EventRounds "9"]
[EventCountry "ARG"]
[SourceTitle "EXT 2001"]
[Source "ChessBase"]
[SourceDate "2000.11.22"]
[SourceVersion "1"]
[SourceVersionDate "2000.11.22"]
[SourceQuality "1"]

1. e4 e6 2. d4 d5 3. Nc3 Bb4 4. Nge2 Nc6 5. exd5 exd5 6. g3 Bg4 7. Bg2 Bxc3+ 8. bxc3 Qe7 9. f3 Bf5 10. 0-0 0-0-0 11. Nf4 h5 12. Re1 Qd7 13. Rb1 Nge7 14. Ba3 Kb8 15. Nd3 Bxd3 16. Qxd3 Nc8 17. Qb5 Nb6 18. Bc5 Rde8 19. Red1 Qe6 20. Bxb6 axb6 21. Qd3 Qe3+ 22. Kf1 Na5 23. Re1 Qh6 24. Qb5 Qc6 25. Qxc6 bxc6 26. Kf2 Nc4 27. Bf1 Nd2 28. Rbd1 Nxf1 29. Kxf1 Kc8 30. Kf2 Kd7 31. Rb1 Rxe1 32. Kxe1 Ra8 33. Rb2 Kd6 34. Kd2 c5 35. Kd3 1/2-1/2

[Event "ARG-ch U26 playoff"]
[Site "Argentina"]
[Date "1997.??.??"]
[Round "?"]
[White "Moreda, Lucas"]
[Black "Gamboa, Juan Pablo"]
[Result "1/2-1/2"]
[WhiteElo "2275"]
[BlackElo "2175"]
[PlyCount "109"]
[EventDate "1997.??.??"]
[EventType "match"]
[EventRounds "4"]
[EventCountry "ARG"]
[SourceTitle "EXT 2001"]
[Source "ChessBase"]
[SourceDate "2000.11.22"]
[SourceVersion "1"]
[SourceVersionDate "2000.11.22"]
[SourceQuality "1"]

1. e4 e6 2. d4 d5 3. Nc3 Bb4 4. Nge2 Nc6 5. Be3 Nf6 6. e5 Ng4 7. Bd2 f6 8. Ng3 Nxf2 9. Kxf2 0-0 10. Ke1 fxe5 11. dxe5 Bc5 12. Qh5 g6 13. Qg5 Be7 14. Qg4 Nxe5 15. Qd1 Bc5 16. Bh6 Bf2+ 17. Ke2 Qh4 18. Bxf8 Bxg3 19. hxg3 Qxh1 20. Qd4 Qh5+ 21. g4 Qxg4+ 22. Qxg4 Nxg4 23. Ba3 c6 24. g3 e5 25. Bg2 Bf5 26. Kd2 Re8 27. Re1 Kg7 28. Nd1 Re6 29. Bc5 b6 30. Bg1 d4 31. Be4 c5 32. Nf2 Nxf2 33. Bxf2 Bxe4 34. Rxe4 h5 35. c3 Kf6 36. cxd4 exd4 37. Rf4+ Ke5 38. Kd3 Rf6 39. Rxf6 Kxf6 40. g4 hxg4 41. Ke4 Ke6 42. Bg3 Kd7 43. Kf4 Kc6 44. Kxg4 a5 45. Kf3 a4 46. Ke4 g5 47. Be1 Kd6 48. Bd2 g4 49. Bg5 Kc6 50. Bf4 a3 51. b3 c4 52. bxc4 Kc5 53. Kd3 b5 54. cxb5 Kxb5 55. Kxd4 1/2-1/2

[Event "Clarin GP op"]
[Site "Villa Martelli"]
[Date "1997.??.??"]
[Round "4"]
[White "Rodriguez Vila, Andres"]
[Black "Gamboa, Juan Pablo"]
[Result "1-0"]
[WhiteElo "2495"]
[BlackElo "2255"]
[PlyCount "89"]
[EventDate "1997.??.??"]
[EventType "swiss"]
[EventRounds "9"]
[EventCountry "ARG"]
[SourceTitle "EXT 1999"]
[Source "ChessBase"]
[SourceDate "1998.11.16"]
[SourceVersion "1"]
[SourceVersionDate "1998.11.16"]
[SourceQuality "1"]

1. e4 e6 2. d3 d5 3. Nd2 Nf6 4. Ngf3 Nc6 5. c3 a5 6. e5 Nd7 7. d4 f6 8. exf6 Qxf6 9. Bb5 Bd6 10. Nf1 0-0 11. Ne3 Ne7 12. 0-0 Ng6 13. Bd3 Nh4 14. Nxh4 Qxh4 15. g3 Qe7 16. Re1 Nf6 17. Nf5 Qf7 18. Nxd6 cxd6 19. Bf4 Qc7 20. Rc1 Qb6 21. Qb3 Qxb3 22. axb3 Rd8 23. Ra1 b6 24. b4 Kf7 25. bxa5 bxa5 26. Ra3 Ba6 27. Bc2 Bb5 28. Rea1 a4 29. Bxa4 Bxa4 30. Rxa4 Rab8 31. Ra7+ Kg6 32. R1a2 Nh5 33. Bd2 e5 34. Re7 Re8 35. Rxe8 Rxe8 36. Be3 Rb8 37. Ra6 exd4 38. Rxd6+ Nf6 39. Bxd4 Rxb2 40. Bxf6 gxf6 41. Rxd5 Rc2 42. Rc5 Kh6 43. Kg2 Kg6 44. Kf3 Kh6 45. h4 1-0